• 首页
  • 本馆介绍
  • 公告通知
  • 最新文献
  • 馆藏检索
  • 电子资源
  • 读者导购
  • 参考咨询
  • 我的图书馆
  • 登录
  • 详细信息显示
  • 放入我的书架
  • 预约/预借图书
  • 作者相关作品
  • 分类相关作品
  • 丛书相关作品
  • 出版社相关作品

书目信息

  • 表格格式
  • 工作单格式
  • 卡片格式
题名:
架构演变实战
    
 
作者: 潘志伟 编著
分册:  
出版信息: 北京   电子工业出版社  2022
页数: 14,406页
开本: 24cm
丛书名:
单 册:
中图分类: TP368.5
科图分类:
主题词: 网络服务器
电子资源:
ISBN: 978-7-121-43612-3
000 01132nam0 2200241 450
001 2342298312
005 20231129114641.89
010    @a978-7-121-43612-3@dCNY128.00
100    @a20220630d2022 em y0chiy50 ea
101 0  @achi
102    @aCN@b110000
105    @ay z 000yy
200 1  @a架构演变实战@Ajia gou yan bian shi zhan@e从单体到微服务再到中台@f潘志伟编著
210    @a北京@c电子工业出版社@d2022
215    @a14,406页@d24cm
300    @a博文视点
330    @a本书从搭建单体架构遇到的瓶颈开始,通过真实案例介绍从单体架构转型为微服务架构及中台架构过程中遇到的困难、问题与具体解决方法。全书共计9章,前3章以案例和原理为基础,介绍微服务的优劣势及其使用场景;第4-6章描述如何基于单体架构搭建和优化微服务架构;第7-8章介绍如何掌握测试、部署交付流程等软件工程中的各个关键环节和核心要素;第9章讲解在多元化业务场景下如何构建中台架构,以实现通用能力的下沉,从而形成共享服务,达到资源使用率的最大化。
517 1  @a从单体到微服务再到中台@Acong dan ti dao wei fu wu zai dao zhong tai
606 0  @a网络服务器
690    @aTP368.5@v5
701  0 @a潘志伟@Apan zhi wei@4编著
801  0 @aCN@b山东中教@c20231126
905    @aBZT@dTP368.5@e13
    
    架构演变实战:从单体到微服务再到中台/潘志伟编著.-北京:电子工业出版社,2022
    14,406页;24cm
    博文视点
    
    ISBN 978-7-121-43612-3:CNY128.00
    本书从搭建单体架构遇到的瓶颈开始,通过真实案例介绍从单体架构转型为微服务架构及中台架构过程中遇到的困难、问题与具体解决方法。全书共计9章,前3章以案例和原理为基础,介绍微服务的优劣势及其使用场景;第4-6章描述如何基于单体架构搭建和优化微服务架构;第7-8章介绍如何掌握测试、部署交付流程等软件工程中的各个关键环节和核心要素;第9章讲解在多元化业务场景下如何构建中台架构,以实现通用能力的下沉,从而形成共享服务,达到资源使用率的最大化。
●
相关链接 在五车中查询图书 在当当中查询图书 在豆瓣中查询图书


正题名:架构演变实战     索取号:TP368.5/13         预约/预借

序号 登录号 条形码 馆藏地/架位号 状态 备注
1 2001143944   2001143944   中教(第二批第二书库)/山东中教(第二书库)/626/ [索取号:TP368.5/13] 在馆    
2 2001143945   2001143945   中教(第二批第二书库)/山东中教(第二书库)/626/ [索取号:TP368.5/13] 在馆    
3 2001143946   2001143946   中教(第二批第二书库)/山东中教(第二书库)/626/ [索取号:TP368.5/13] 在馆    
4 2001143947   2001143947   中教(第二批第二书库)/山东中教(第二书库)/626/ [索取号:TP368.5/13] 在馆    
5 2001143948   2001143948   中教(第二批第二书库)/山东中教(第二书库)/626/ [索取号:TP368.5/13] 在馆    
6 2001143949   2001143949   中教(第二批第二书库)/山东中教(第二书库)/626/ [索取号:TP368.5/13] 在馆    
7 2001143950   2001143950   中教(第二批第二书库)/山东中教(第二书库)/626/ [索取号:TP368.5/13] 在馆    
8 2001143951   2001143951   中教(第二批第二书库)/山东中教(第二书库)/626/ [索取号:TP368.5/13] 在馆    
9 2001143952   2001143952   中教(第二批第二书库)/山东中教(第二书库)/626/ [索取号:TP368.5/13] 在馆    
10 2001143953   2001143953   中教(第二批第二书库)/山东中教(第二书库)/626/ [索取号:TP368.5/13] 在馆    
11 2001143954   2001143954   中教(第二批第二书库)/山东中教(第二书库)/626/ [索取号:TP368.5/13] 在馆    
12 2001143955   2001143955   中教(第二批第二书库)/山东中教(第二书库)/626/ [索取号:TP368.5/13] 在馆    
13 2001143956   2001143956   中教(第二批第二书库)/山东中教(第二书库)/626/ [索取号:TP368.5/13] 在馆    
14 2001143957   2001143957   中教(第二批第二书库)/山东中教(第二书库)/626/ [索取号:TP368.5/13] 在馆    
15 2001143958   2001143958   中教(第二批第二书库)/山东中教(第二书库)/626/ [索取号:TP368.5/13] 在馆    
16 2001143959   2001143959   中教(第二批第二书库)/山东中教(第二书库)/626/ [索取号:TP368.5/13] 在馆    
17 2001143960   2001143960   中教(第二批第二书库)/山东中教(第二书库)/626/ [索取号:TP368.5/13] 在馆    
18 2001143961   2001143961   中教(第二批第二书库)/山东中教(第二书库)/626/ [索取号:TP368.5/13] 在馆    
19 2001143962   2001143962   中教(第二批第二书库)/山东中教(第二书库)/626/ [索取号:TP368.5/13] 在馆    
20 2001143963   2001143963   中教(第二批第二书库)/山东中教(第二书库)/626/ [索取号:TP368.5/13] 在馆    
21 2001143964   2001143964   中教(第二批第二书库)/山东中教(第二书库)/626/ [索取号:TP368.5/13] 在馆    
22 2001143965   2001143965   中教(第二批第二书库)/山东中教(第二书库)/626/ [索取号:TP368.5/13] 在馆    
23 2001143966   2001143966   中教(第二批第二书库)/山东中教(第二书库)/626/ [索取号:TP368.5/13] 在馆    
24 2001143967   2001143967   中教(第二批第二书库)/山东中教(第二书库)/626/ [索取号:TP368.5/13] 在馆    
25 2001143968   2001143968   中教(第二批第二书库)/山东中教(第二书库)/626/ [索取号:TP368.5/13] 在馆    
26 2001143969   2001143969   中教(第二批第二书库)/山东中教(第二书库)/626/ [索取号:TP368.5/13] 在馆    
27 2001143970   2001143970   中教(第二批第二书库)/山东中教(第二书库)/626/ [索取号:TP368.5/13] 在馆    
28 2001143971   2001143971   中教(第二批第二书库)/山东中教(第二书库)/626/ [索取号:TP368.5/13] 在馆    
29 2001143972   2001143972   中教(第二批第二书库)/山东中教(第二书库)/626/ [索取号:TP368.5/13] 在馆    
30 2001143973   2001143973   中教(第二批第二书库)/山东中教(第二书库)/626/ [索取号:TP368.5/13] 在馆    
山东省滨州职业学院图书馆 欢迎您!
大连网信软件有限公司© 版权所有